000 00796 a2200229 4500
003 OSt
005 20230623090848.0
008 230131s2016 mx a||||r|||| 00| 0 spa d
020 _a9786071727145
040 _cCHAP
082 0 0 _222
_a570.15195
_bB38
100 1 _9187455
_aBecerril Fonseca, Rubén
245 0 0 _aBiomatemáticas I :
_brelaciones funcionales en ciencias biológicas y de la salud /
_cpor Rubén Becerril Fonseca y J. Guadalupe Reyes Victoria.
264 1 _aCiudad de México :
_bTrillas,
_c2016.
300 _a222 páginas:
_bejercicios, figuras.
504 _aIncluye bibliografía.
650 4 _9139486
_aBiomatemáticas
650 4 _9132435
_aFunciones (Matemáticas)
650 4 _912773
_aBiología
700 1 _9187456
_aReyes Victoria, J. Guadalupe
942 _cLibro
_2ddc
999 _c218196
_d218196